000 00901nam a2200241 i 4500
001 22469
003 ES-MaACL
005 20250628063303.0
007 t|
008 021203s1888 fr ||||1| fre d
100 1 _aAlis, Harry.
_919942
_eaut
245 1 3 _aLe "Sud-Express" :
_bvoyage d'inaguration á Lisbonne, Cintra, Séville, Grenade, Cordoue, Madrid, Tolède, l'Escorial : (articles parus dans "Le journal des debats, Paris, october 1887) /
_cpar Harry Alis.
260 _aParís :
_b[s.n.],
_c1888
_f(Imp. Paul Dupont)
300 _a48 páginas ;
_c18 cm.
500 _aDonativo Bosch
651 4 _aEspaña-
_xDescripción-
_yS.XIX.
_98185
651 4 _aPortugal-
_xDescripción-
_yS.XIX.
_99252
852 _aES-MaACL
_cDEPOF
_hDonativo Bosch
_jT-1306-F-4
942 _2udc
_cFOLLETOS
_n0
999 _c22469
_d22469